Statistics for Rocky knowledge

Click here to take the quiz!

General Stats

  • This quiz has been taken 393 times
  • The average score is 7 of 15

Answer Stats

HintAnswer% Correct
Opponent in Rocky IVIvan Drago
92%
Boxer played by Mr. TClubber Lang
83%
Rocky's nicknameItalian Stallion
77%
Wrestler played by Hulk HoganThunderlips
68%
Actor who played aboveDolph Lundgren
61%
city he trains in for Rocky IIILos Angeles
53%
Rocky's dogButkus
50%
Rocky's first opponentSpider Rico
50%
where Rocky takes Adrian on their first dateIce Skating
46%
Actor who played PaulieBurt Young
43%
Tommy's Nickname in Rocky VMachine Gun
25%
phrase screamed after winning belt in Rocky IIAdrian I Did it
15%
Building at the top of the stairsPhiladelphia Museum of Art
12%
name for fight in Rocky IISuperfight II
11%
what paulie called his rolexexlax
6%

Score Distribution

Percentile by Number Answered

Percent of People with Each Score

Your Score History

You have not taken this quiz